Evangelios /
La presente edición de los evangelios está tomada de la versión de la Biblia hecha por Casiodoro de Reina y retocada por Cipriano de Valera, excepto el evangelio de San Mateo, cuya traducción es la realizada por Juan de Valdés; traducción que fue editada en España a finales del siglo XIX. Después de...
Na minha lista:
| Outros Autores: | , , , |
|---|---|
| Formato: | Livro |
| Idioma: | espanhol |
| Publicado em: |
México :
Universidad Nacional de México,
1925
|
| Assuntos: | |
| Tags: |
Sem tags, seja o primeiro a adicionar uma tag!
|
MARC
| LEADER | 00000nam^a2200000^a^4500 | ||
|---|---|---|---|
| 001 | 000422920 | ||
| 005 | 20250526000000.0 | ||
| 009 | 20260526144409.28 | ||
| 037 | |a Acervo ITESO - Biblioteca | ||
| 041 | |a ESP | ||
| 082 | |a 226. |b EVA | ||
| 245 | 0 | 0 | |a Evangelios / |c Versión de C. de Reina, C. de Valera. |
| 264 | 1 | |a México : |b Universidad Nacional de México, |c 1925 | |
| 300 | |a 470 p. ; |c 19.0 cm. | ||
| 336 | |a texto |b txt |2 rdacontenido | ||
| 337 | |a sin mediación |b n |2 rdamedio | ||
| 338 | |a volumen |b nc |2 rdasoporte | ||
| 520 | |a La presente edición de los evangelios está tomada de la versión de la Biblia hecha por Casiodoro de Reina y retocada por Cipriano de Valera, excepto el evangelio de San Mateo, cuya traducción es la realizada por Juan de Valdés; traducción que fue editada en España a finales del siglo XIX. Después del texto de los evangelios se incluye una obra de León Tolstói, titulada ¿Qué es el Evangelio?, en la que analiza los textos de los evangelios y expresa su visión de la fe cristiana, así como de la manera como esta fe se vive en los diversos sustratos de la Iglesia. | ||
| 561 | |a Ex libris de Biblioteca particular Ramiro Torreblanca González | ||
| 649 | |a XX | ||
| 650 | |a Biblia - |x Nuevo Testamento - |x Evangelios - |x Historia y Crítica | ||
| 650 | |a Biblia - |x Nuevo Testamento - |x Evangelios - |x Tema Principal | ||
| 650 | |a Libros Sagrados - |x Historia y Crítica | ||
| 650 | |a Libros Sagrados | ||
| 650 | |a Cristianismo | ||
| 650 | |a Religión | ||
| 700 | |a Tolstoi, León |e (autor) | ||
| 700 | |a Reina, Casiodoro de |e (versión) | ||
| 700 | |a Valera, Cipriano de |e (versión) | ||
| 700 | |a Valdés, Juan de |e (traducción) | ||
| 740 | 3 | |a El santo evangelio según San Mateo / |c Tr. por J. de Valdés. | |
| 740 | 0 | |a ¿Qué es el evangelio? / |c L. Tolstoi. | |
| 910 | |a Fondo Alfonso de Alba Martín | ||
| 920 | |a Impresos - Libros | ||
| 930 | |a Libros Antiguos y Raros | ||
| 905 | |a 125 | ||
| 901 | |a 0500340695 |b IT2 |c LRA |i D98771 |u 20250526 | ||
| 902 | |a https://opac.biblio.iteso.mx/vufind/Record/000422920 | ||